Southville International School and Colleges
Your cart is empty.
  • Cart
  • Lists
    Public lists Eva Luna New books Lux_list list_1
    Your lists Log in to create your own lists
  • Log in to your account
  • Your cookies
  • Search history
Southville International School and Colleges
  • Advanced search
  • Recent comments
  • Most popular
  • Libraries

Log in to your account

Log in with GOOGLE


If you do not have an external account, but do have a local account, you can still log in:

  1. Home
  2. MARC view: Children with developmental coordination disorder /
Normal view MARC view ISBD view

Children with developmental coordination disorder / (Record no. 39543)

[ view plain ]
MARC details
000 -LEADER
fixed length control field 00651nam a2200217 a 4500
005 - DATE AND TIME OF LATEST TRANSACTION
control field 20140311163026.0
008 - FIXED-LENGTH DATA ELEMENTS--GENERAL INFORMATION
fixed length control field 080508s19uu xx 00 eng d
020 ## - INTERNATIONAL STANDARD BOOK NUMBER
International Standard Book Number 1861564589
050 ## - LIBRARY OF CONGRESS CALL NUMBER
Classification number RJ 496.M68
Item number .C48 2005
245 ## - TITLE STATEMENT
Title Children with developmental coordination disorder /
Statement of responsibility, etc edited by David Sugden.
260 ## - PUBLICATION, DISTRIBUTION, ETC. (IMPRINT)
Place of publication, distribution, etc London :
Name of publisher, distributor, etc Whurr Publishers,
Date of publication, distribution, etc 2005.
300 ## - PHYSICAL DESCRIPTION
Extent 319 p. :
Dimensions 24 cm.
521 ## - TARGET AUDIENCE NOTE
Target audience note
650 ## - SUBJECT ADDED ENTRY--TOPICAL TERM
Topical term or geographic name as entry element Clumsiness in children.
650 ## - SUBJECT ADDED ENTRY--TOPICAL TERM
Topical term or geographic name as entry element Motor ability in children.
650 ## - SUBJECT ADDED ENTRY--TOPICAL TERM
Topical term or geographic name as entry element Child development.
650 ## - SUBJECT ADDED ENTRY--TOPICAL TERM
Topical term or geographic name as entry element Occupational therapy for children.
700 ## - ADDED ENTRY--PERSONAL NAME
Personal name Chambers, Mary
942 ## - ADDED ENTRY ELEMENTS (KOHA)
Koha item type Books
Source of classification or shelving scheme Library of Congress Classification
Call number prefix Foreign
Holdings
Withdrawn status Lost status Source of classification or shelving scheme Damaged status Home library Current library Shelving location Date acquired Total Checkouts Full call number Barcode Date last seen Copy number Price effective from Koha item type
    Library of Congress Classification   College Library College Library General Circulation Section 10/02/2010   RJ 496.M68 .C48 2005 C9345 05/15/2018 1 02/19/2014 Books

Children with developmental coordination disorder /

APA

Chambers M., . (2005). Children with developmental coordination disorder. London: Whurr Publishers.

Chicago

Chambers Mary, . 2005. Children with developmental coordination disorder. London: Whurr Publishers.

Harvard

Chambers M., . (2005). Children with developmental coordination disorder. London: Whurr Publishers.

MLA

Chambers Mary, . Children with developmental coordination disorder. London: Whurr Publishers. 2005.

  • Place hold
  • Print
  • Cite
  • Add to your cart (remove)
  • Save record
    BIBTEX Dublin Core MARCXML MARC (non-Unicode/MARC-8) MARC (Unicode/UTF-8) MARC (Unicode/UTF-8, Standard) MODS (XML) RIS
  • More searches
    Search for this title in:
    Other Libraries (WorldCat) Other Databases (Google Scholar) Online Stores (Bookfinder.com) Open Library (openlibrary.org)

Exporting to Dublin Core...

SOUTHVILLE LIBRARY

Southville International School and Colleges Library

1281 Tropical Ave. Cor. Luxembourg St., BF Homes International, Las Pinas City

Tel. No. 8256374 / 252358 Loc. 117/146

Powered by Koha